[Event "Innsbruck op 5th"]
[Site "Innsbruck"]
[Date "2021.08.24"]
[Round "5"]
[White "Neurauter, Daniel"]
[Black "Laemmel, Sebastian"]
[Result "0-1"]
[WhiteElo "2018"]
[BlackElo "2095"]
[PlyCount "107"]
[EventDate "2021.08.21"]
[EventType "swiss"]
[EventRounds "9"]
[EventCountry "AUT"]
[SourceTitle "CBM 204 Extra"]
[Source "ChessBase"]
[SourceDate "2021.11.30"]
[SourceVersion "1"]
[SourceVersionDate "2021.11.30"]
[SourceQuality "1"]

1. c4 Nf6 2. Nc3 d5 3. cxd5 Nxd5 4. g3 e5 5. Bg2 Nb6 6. Nf3 Nc6 7. 0-0 Be7 8. d3 0-0 9. Ne1 Be6 10. h3 Nd5 11. e4 Ndb4 12. a3 Na6 13. b4 Nd4 14. Rb1 c6 15. f4 exf4 16. Bxf4 Bg5 17. Kh2 Bxf4 18. Rxf4 Nc7 19. Ne2 Ncb5 20. Nxd4 Qxd4 21. Qh5 g6 22. Qg5 Nxa3 23. e5 Qd8 24. Qh6 f6 25. Ra1 Nb5 26. Nf3 Qe7 27. exf6 Rxf6 28. Re1 Rxf4 29. Qxf4 Re8 30. Ng5 Nc7 31. h4 Qd7 32. Nxe6 Nxe6 33. Qc4 Qf7 34. Rf1 Qd7 35. Bh3 Qd5 36. Qxd5 cxd5 37. Re1 Kf7 38. Rf1+ Ke7 39. Bg2 Nc7 40. Kh3 Rf8 41. Ra1 a6 42. Rc1 Kd6 43. Rc2 b6 44. Ra2 Re8 45. Rf2 a5 46. bxa5 bxa5 47. Ra2 Ra8 48. Ra4 Kc5 49. Bf3 Nb5 50. Ra1 Nc3 51. Kg4 a4 52. Kf4 Kd4 53. Ra3 Rf8+ 54. Kg4 0-1

[Event "Innsbruck op 5th"]
[Site "Innsbruck"]
[Date "2021.08.21"]
[Round "1"]
[White "Hoefelsauer, Thomas"]
[Black "Laemmel, Sebastian"]
[Result "1-0"]
[WhiteElo "2324"]
[BlackElo "2095"]
[PlyCount "79"]
[EventDate "2021.08.21"]
[EventType "swiss"]
[EventRounds "9"]
[EventCountry "AUT"]
[SourceTitle "CBM 204 Extra"]
[Source "ChessBase"]
[SourceDate "2021.11.30"]
[SourceVersion "1"]
[SourceVersionDate "2021.11.30"]
[SourceQuality "1"]

1. Nf3 Nf6 2. c4 g6 3. d4 Bg7 4. g3 c6 5. Bg2 d5 6. Qb3 0-0 7. Nc3 dxc4 8. Qxc4 Bf5 9. 0-0 Nbd7 10. e3 Ne4 11. Nd2 Nxc3 12. bxc3 Rc8 13. a4 e5 14. Ba3 Re8 15. Qb4 exd4 16. cxd4 c5 17. Qxb7 Rc7 18. Qb5 cxd4 19. exd4 Bxd4 20. Rad1 Bc2 21. Ne4 a6 22. Qd5 Bxe4 23. Qxd4 Bxg2 24. Bb2 f6 25. Kxg2 Qa8+ 26. Qd5+ Qxd5+ 27. Rxd5 Nb6 28. Rd4 Rc2 29. Ba1 Ra2 30. Rb1 Ree2 31. Rd8+ Kf7 32. Bd4 Nc4 33. Rb4 Ne5 34. Rd6 Ng4 35. Rxa6 Kg7 36. h3 Nxf2 37. Bxf6+ Kf7 38. Rb7+ Kf8 39. Ra8+ Re8 40. Bg7+ 1-0

[Event "Oberliga Ost-A 1415"]
[Site "Germany"]
[Date "2015.04.12"]
[Round "11.5"]
[White "Laemmel, Sebastian"]
[Black "Pallas, Sebastian"]
[Result "1/2-1/2"]
[WhiteElo "2025"]
[BlackElo "2026"]
[PlyCount "101"]
[EventDate "2014.09.21"]
[EventType "team-tourn"]
[EventRounds "11"]
[EventCountry "GER"]
[SourceTitle "EXT 2016"]
[Source "ChessBase"]
[SourceDate "2015.10.08"]
[SourceVersion "1"]
[SourceVersionDate "2015.10.08"]
[SourceQuality "1"]
[WhiteTeam "Chemnitz USG"]
[BlackTeam "Loeberitz"]
[WhiteTeamCountry "GER"]
[BlackTeamCountry "GER"]

1. e4 c5 2. c3 Nf6 3. e5 Nd5 4. d4 cxd4 5. Nf3 e6 6. cxd4 d6 7. Bc4 Nc6 8. 0-0 Be7 9. Qe2 0-0 10. Nc3 Nxc3 11. bxc3 dxe5 12. dxe5 Qa5 13. Qe4 Rd8 14. Rb1 g6 15. h4 Rb8 16. h5 b5 17. Bb3 Bb7 18. hxg6 Nd4 19. Qg4 Bxf3 20. gxf3 Nxb3 21. Rxb3 hxg6 22. Qh3 Rd5 23. Qh2 Rbd8 24. Be3 Rd1 25. Rb1 Qa4 26. Kg2 Rxb1 27. Rxb1 Rd1 28. Rxd1 Qxd1 29. Bxa7 Qa4 30. Be3 Qxa2 31. Qf4 Qd5 32. Qd4 Qxd4 33. Bxd4 Kf8 34. Kf1 Ke8 35. Ke2 Kd7 36. Kd3 Kc6 37. c4 b4 38. Kc2 Bc5 39. Be3 Bxe3 40. fxe3 Kc5 41. Kb3 g5 42. e4 Kd4 43. Kxb4 Kxe5 44. c5 f5 45. exf5 exf5 46. Kb5 g4 47. fxg4 fxg4 48. c6 Kd6 49. Kb6 g3 50. c7 g2 51. c8Q 1/2-1/2

[Event "Oberliga Ost-A 1415"]
[Site "Germany"]
[Date "2015.03.15"]
[Round "9.4"]
[White "Hutsch, Oliver"]
[Black "Laemmel, Sebastian"]
[Result "0-1"]
[WhiteElo "2191"]
[BlackElo "2025"]
[PlyCount "116"]
[EventDate "2014.09.21"]
[EventType "team-tourn"]
[EventRounds "11"]
[EventCountry "GER"]
[SourceTitle "EXT 2016"]
[Source "ChessBase"]
[SourceDate "2015.10.08"]
[SourceVersion "1"]
[SourceVersionDate "2015.10.08"]
[SourceQuality "1"]
[WhiteTeam "Dresden Gruen Weiss"]
[BlackTeam "Chemnitz USG"]
[WhiteTeamCountry "GER"]
[BlackTeamCountry "GER"]

1. d4 Nf6 2. c4 g6 3. Nf3 Bg7 4. g3 c6 5. Bg2 d5 6. 0-0 0-0 7. Nc3 dxc4 8. e4 b5 9. Re1 Bb7 10. Bf4 Na6 11. a3 Nc7 12. b3 cxb3 13. Qxb3 a6 14. Rad1 Rc8 15. Bh3 e6 16. Bc1 Qe7 17. e5 Nfd5 18. Ne4 h6 19. Nc5 Rb8 20. Nd2 Rfd8 21. Nde4 a5 22. Bd2 b4 23. a4 Na6 24. Nxb7 Rxb7 25. Nd6 Ra7 26. Rc1 Nb8 27. Bg2 Kh7 28. h4 Rxd6 29. exd6 Qxd6 30. Bxd5 Qxd5 31. Qxd5 cxd5 32. Bf4 Nd7 33. Red1 Nb6 34. Rc7 Rxc7 35. Bxc7 Nxa4 36. Ra1 Nc3 37. Bxa5 Bxd4 38. Kf1 Ne4 39. Ra4 Bxf2 40. Bxb4 Bxg3 41. Be7 g5 42. hxg5 hxg5 43. Kg2 Be5 44. Ra8 Kg6 45. Rg8+ Kf5 46. Kf3 f6 47. Bb4 g4+ 48. Ke2 Bf4 49. Be1 e5 50. Rd8 d4 51. Rg8 Ng5 52. Bh4 Nf3 53. Bxf6 Kxf6 54. Rxg4 Kf5 55. Rg8 Ke4 56. Ra8 d3+ 57. Kd1 Nd4 58. Ra3 Ke3 0-1

[Event "Oberliga Ost-A 1415"]
[Site "Germany"]
[Date "2015.02.22"]
[Round "8.5"]
[White "Kahe, Ralph"]
[Black "Laemmel, Sebastian"]
[Result "0-1"]
[WhiteElo "2193"]
[BlackElo "2025"]
[PlyCount "132"]
[EventDate "2014.09.21"]
[EventType "team-tourn"]
[EventRounds "11"]
[EventCountry "GER"]
[SourceTitle "EXT 2016"]
[Source "ChessBase"]
[SourceDate "2015.10.08"]
[SourceVersion "1"]
[SourceVersionDate "2015.10.08"]
[SourceQuality "1"]
[WhiteTeam "Magdeburg Rochade"]
[BlackTeam "Chemnitz USG"]
[WhiteTeamCountry "GER"]
[BlackTeamCountry "GER"]

1. d4 Nf6 2. c4 g6 3. Nc3 d5 4. Qb3 dxc4 5. Qxc4 Bg7 6. e4 0-0 7. Be2 Nc6 8. Be3 e5 9. d5 Nd4 10. Bxd4 exd4 11. Qxd4 Re8 12. Qd3 Qe7 13. f3 Nh5 14. Qe3 f5 15. Bb5 Rf8 16. Nge2 Qh4+ 17. g3 f4 18. Qf2 fxg3 19. Nxg3 Nxg3 20. Rg1 Nf5 21. exf5 Qxf2+ 22. Kxf2 Bd4+ 23. Kg2 Bxg1 24. Rxg1 Bxf5 25. Re1 Kg7 26. Ne4 Rad8 27. Rc1 Bxe4 28. fxe4 Rf7 29. Rc2 Kf6 30. Rf2+ Ke7 31. Re2 Kd6 32. e5+ Kc5 33. Ba4 Re7 34. Bb3 Kd4 35. e6 Rf8 36. Rc2 g5 37. Rc4+ Ke5 38. Rb4 c6 39. dxc6 bxc6 40. Rg4 h6 41. Rg3 Rf4 42. Rc3 Rc7 43. e7 Rxe7 44. Rxc6 Rf6 45. Rc2 Kd4 46. Bc4 Re4 47. Be2 Ke3 48. Bf3 Ref4 49. Rc3+ Kd2 50. Kg3 Rxf3+ 51. Rxf3 Rxf3+ 52. Kxf3 Kc2 53. Kg4 Kxb2 54. a4 a5 55. Kh5 Kb3 56. Kxh6 Kxa4 57. Kxg5 Kb4 58. h4 a4 59. h5 a3 60. Kg6 a2 61. h6 a1Q 62. Kh7 Qa7+ 63. Kg8 Qb8+ 64. Kg7 Qc7+ 65. Kg8 Qd8+ 66. Kg7 Qg5+ 0-1

[Event "Oberliga Ost-A 1415"]
[Site "Germany"]
[Date "2014.12.07"]
[Round "5.5"]
[White "Laemmel, Sebastian"]
[Black "Gungl, Theo"]
[Result "1/2-1/2"]
[WhiteElo "2025"]
[BlackElo "2054"]
[PlyCount "175"]
[EventDate "2014.09.21"]
[EventType "team-tourn"]
[EventRounds "11"]
[EventCountry "GER"]
[SourceTitle "EXT 2016"]
[Source "ChessBase"]
[SourceDate "2015.10.08"]
[SourceVersion "1"]
[SourceVersionDate "2015.10.08"]
[SourceQuality "1"]
[WhiteTeam "Chemnitz USG"]
[BlackTeam "Dresden USV TU II"]
[WhiteTeamCountry "GER"]
[BlackTeamCountry "GER"]

1. e4 c5 2. Nf3 d6 3. d4 cxd4 4. Nxd4 Nf6 5. Nc3 a6 6. Bg5 Nbd7 7. f4 Qc7 8. Qf3 b5 9. Bxb5 axb5 10. Ndxb5 Qc6 11. e5 Qxf3 12. gxf3 Bb7 13. exf6 gxf6 14. Bh4 Rc8 15. Rf1 Nb6 16. 0-0-0 f5 17. Bf2 Nc4 18. b3 Na5 19. Nd5 Bxd5 20. Rxd5 Nc6 21. Re1 Kd7 22. Rxf5 Nb4 23. Re2 Nxa2+ 24. Kb1 Nb4 25. Rxf7 Rb8 26. Bd4 Rg8 27. c4 Nc6 28. Rxh7 Rxb5 29. cxb5 Nxd4 30. Re3 Rg1+ 31. Kb2 Nxb5 32. b4 Bg7+ 33. Kb3 Bf6 34. Rh5 Nd4+ 35. Kc4 Rc1+ 36. Kd3 Rb1 37. Kc4 Rc1+ 38. Kd3 Ne6 39. Re4 Rb1 40. Ra5 Rb3+ 41. Kc2 Rxf3 42. Ra7+ Kc6 43. Rxe6 Rxf4 44. Kb3 Rf3+ 45. Ka4 Kb6 46. Ra8 Rf2 47. Rb8+ Kc7 48. Rg8 Rxh2 49. Kb5 Kb7 50. Re1 Rh5+ 51. Ka4 Rh4 52. Re8 Rh5 53. Rc1 Rh8 54. Rxh8 Bxh8 55. Kb5 Bf6 56. Rc2 Be5 57. Re2 Bf6 58. Kc4 Kc6 59. b5+ Kb6 60. Ra2 Kb7 61. Ra6 Bh4 62. Rc6 Bg5 63. Kb4 Be3 64. Ka5 Bd2+ 65. Ka4 Be3 66. Rc3 Bg5 67. Rg3 Bh4 68. Rg8 Bf6 69. Kb4 Bh4 70. Rd8 Bf6 71. Kc4 Bh4 72. Rg8 Bf6 73. Rg4 Kb6 74. Rg1 Kb7 75. Kd5 Kb6 76. Rb1 Bh4 77. Ke6 Bf6 78. Rb3 Bh4 79. Rb1 Bf6 80. Rb4 Bg5 81. Rd4 Bf6 82. Rd5 Bh4 83. Kf7 Bf6 84. Rh5 Be5 85. Kxe7 Kxb5 86. Ke6 Kc4 87. Rxe5 dxe5 88. Kxe5 1/2-1/2

[Event "Oberliga Ost-A 1415"]
[Site "Germany"]
[Date "2014.09.21"]
[Round "1.6"]
[White "Laemmel, Sebastian"]
[Black "Sonntag, Hermann"]
[Result "1/2-1/2"]
[WhiteElo "2025"]
[BlackElo "2133"]
[PlyCount "122"]
[EventDate "2014.09.21"]
[EventType "team-tourn"]
[EventRounds "11"]
[EventCountry "GER"]
[SourceTitle "EXT 2016"]
[Source "ChessBase"]
[SourceDate "2015.10.08"]
[SourceVersion "1"]
[SourceVersionDate "2015.10.08"]
[SourceQuality "1"]
[WhiteTeam "Chemnitz USG"]
[BlackTeam "Leipzig SG II"]
[WhiteTeamCountry "GER"]
[BlackTeamCountry "GER"]

1. e4 e6 2. d4 d5 3. Nc3 Bb4 4. e5 c5 5. a3 Bxc3+ 6. bxc3 Qc7 7. Qg4 f5 8. Qg3 cxd4 9. cxd4 Ne7 10. Bd2 0-0 11. Bd3 Nbc6 12. Ne2 Rf7 13. h4 Na5 14. 0-0 Nc4 15. Bc1 b5 16. Nf4 a5 17. Nh5 Bb7 18. Bf4 Kh8 19. Rfb1 Bc6 20. Bg5 Ng6 21. Nf4 Nxf4 22. Qxf4 Rg8 23. h5 h6 24. Bh4 Qc8 25. Rb3 Qf8 26. Be2 Be8 27. Kh2 Rb7 28. g4 fxg4 29. Qxg4 Rf7 30. Rf3 Nd2 31. Rxf7 Qxf7 32. Rd1 Ne4 33. f3 Nc3 34. Rd2 Nxe2 35. Rxe2 Qxh5 36. Qxh5 Bxh5 37. Re3 Rc8 38. c3 Rc4 39. Be7 Rc7 40. Bd8 Rf7 41. Kg3 a4 42. f4 Bg6 43. Re2 Bd3 44. Rd2 Be4 45. Rb2 Bd3 46. Rd2 Bc4 47. Rh2 Kh7 48. Kf3 Rf5 49. Ke3 Bb3 50. Be7 Kg6 51. Bd8 Rf8 52. Rg2+ Kh7 53. Be7 Rf7 54. Bd8 Rf5 55. Rh2 Kg6 56. Rg2+ Kf7 57. Rh2 Ke8 58. Ba5 Ke7 59. Bb4+ Kf7 60. Ba5 Bd1 61. Rd2 Bb3 1/2-1/2

[Event "GER-ch Net qual3 U18"]
[Site "Playchess.com INT"]
[Date "2009.05.17"]
[Round "5"]
[White "Laemmel, Sebastian"]
[Black "Heyne, Lukas"]
[Result "1-0"]
[WhiteElo "1681"]
[BlackElo "1806"]
[PlyCount "61"]
[EventDate "2009.05.17"]
[EventType "swiss (blitz)"]
[EventRounds "7"]
[EventCountry "GER"]
[SourceTitle "CBM 130 Extra"]
[Source "ChessBase"]
[SourceDate "2009.07.02"]
[SourceVersion "2"]
[SourceVersionDate "2009.07.15"]
[SourceQuality "1"]

1. e4 c5 2. Nf3 d6 3. d4 cxd4 4. Nxd4 Nf6 5. Nc3 g6 6. Be3 Bg7 7. f3 0-0 8. Qd2 Nc6 9. Bc4 Qc7 10. Bb3 Ne5 11. h4 h5 12. 0-0-0 Nc4 13. Bxc4 Qxc4 14. Qd3 Qxd3 15. Rxd3 Bd7 16. Rhd1 a6 17. Kb1 Rfd8 18. Nd5 Nxd5 19. exd5 Rac8 20. Rb3 Ba4 21. Rxb7 Bxd4 22. Rxd4 Bxc2+ 23. Ka1 Bf5 24. a3 Rc2 25. g4 hxg4 26. fxg4 Bxg4 27. Rxg4 Re2 28. Bd4 Rc8 29. Bc3 Rc5 30. Rb8+ Kh7 31. Rh8# 1-0

[Event "GER-ch Net qual2 U25"]
[Site "Playchess.com INT"]
[Date "2009.05.13"]
[Round "5"]
[White "Laemmel, Sebastian"]
[Black "Hirneise, Jens"]
[Result "0-1"]
[WhiteElo "1681"]
[BlackElo "2308"]
[PlyCount "88"]
[EventDate "2009.05.13"]
[EventType "swiss (blitz)"]
[EventRounds "7"]
[EventCountry "GER"]
[SourceTitle "CBM 130 Extra"]
[Source "ChessBase"]
[SourceDate "2009.07.02"]
[SourceVersion "2"]
[SourceVersionDate "2009.07.15"]
[SourceQuality "1"]

1. e4 c5 2. d4 cxd4 3. Nf3 e6 4. Nxd4 a6 5. Bd3 Nc6 6. Nxc6 dxc6 7. 0-0 e5 8. Be3 Nf6 9. f3 Be6 10. a4 Nd7 11. a5 Bc5 12. Qe2 Qe7 13. Nd2 Bxe3+ 14. Qxe3 Qc5 15. Qxc5 Nxc5 16. Bc4 Rd8 17. Rfd1 Rxd2 18. Rxd2 Bxc4 19. Rad1 0-0 20. b3 Be6 21. b4 Na4 22. c4 Bxc4 23. Ra1 Bb5 24. Rd7 c5 25. Rxb7 cxb4 26. Rb1 b3 27. Rxb3 Nc5 28. R3xb5 axb5 29. Rxb5 Rc8 30. Kf2 Kf8 31. a6 Nxa6 32. Rxe5 Rc5 33. Rxc5 Nxc5 34. Ke3 Ke7 35. Kd4 Kd6 36. f4 Ne6+ 37. Ke3 f6 38. h4 h5 39. f5 Nc5 40. Kf4 Nd3+ 41. Ke3 Ne5 42. Kd4 Kc6 43. Ke3 Kc5 44. Kf4 Kd4 0-1

[Event "GER-ch Net qual1 U18"]
[Site "Playchess.com INT"]
[Date "2009.05.10"]
[Round "4"]
[White "Laemmel, Sebastian"]
[Black "Begri, Felix"]
[Result "0-1"]
[WhiteElo "1681"]
[BlackElo "1710"]
[PlyCount "136"]
[EventDate "2009.05.10"]
[EventType "swiss (blitz)"]
[EventRounds "7"]
[EventCountry "GER"]
[SourceTitle "CBM 130 Extra"]
[Source "ChessBase"]
[SourceDate "2009.07.02"]
[SourceVersion "2"]
[SourceVersionDate "2009.07.15"]
[SourceQuality "1"]

1. e4 e6 2. d4 d5 3. Nc3 Nc6 4. e5 f6 5. f4 fxe5 6. fxe5 Qh4+ 7. g3 Qxd4 8. Bf4 Bb4 9. Qxd4 Nxd4 10. 0-0-0 Bxc3 11. bxc3 Nf5 12. Bd3 Nge7 13. Ne2 Bd7 14. Bg5 h6 15. Bd2 Nc6 16. g4 Nfe7 17. Bf4 0-0-0 18. Nd4 Nxd4 19. cxd4 Rhf8 20. Rhf1 Nc6 21. c3 g5 22. Bg3 Na5 23. h3 b6 24. h4 c5 25. Ba6+ Kb8 26. Rxf8 Rxf8 27. Rf1 Rxf1+ 28. Bxf1 cxd4 29. cxd4 Nc6 30. Bf2 gxh4 31. Kd2 Nb4 32. a3 Nc6 33. Ke3 Ne7 34. Bd3 h3 35. Bg3 Be8 36. Bf1 h5 37. Bxh3 hxg4 38. Bxg4 Bd7 39. Bh4 Ng6 40. Bf6 Kc7 41. Bh5 Nf8 42. Be7 Nh7 43. Bg6 Kc6 44. Bxh7 Kb5 45. Bc2 Kc4 46. Kd2 Kxd4 47. Bd6 b5 48. Bb3 a6 49. Kc2 Be8 50. Kb2 Bg6 51. a4 Bd3 52. Ka3 Bc4 53. axb5 axb5 54. Bxc4 bxc4 55. Kb2 Kd3 56. Kc1 d4 57. Bc7 c3 58. Ba5 Ke4 59. Kc2 Kxe5 60. Bxc3 dxc3 61. Kxc3 Ke4 62. Kd2 Kd4 63. Kd1 Kd3 64. Ke1 Ke3 65. Kf1 e5 66. Ke1 e4 67. Kf1 Kd2 68. Kf2 e3+ 0-1

[Event "GER-ch Net qual1 U18"]
[Site "Playchess.com INT"]
[Date "2009.05.10"]
[Round "6"]
[White "Laemmel, Sebastian"]
[Black "Reichert, Viktor"]
[Result "1-0"]
[WhiteElo "1681"]
[BlackElo "1465"]
[PlyCount "71"]
[EventDate "2009.05.10"]
[EventType "swiss (blitz)"]
[EventRounds "7"]
[EventCountry "GER"]
[SourceTitle "CBM 130 Extra"]
[Source "ChessBase"]
[SourceDate "2009.07.02"]
[SourceVersion "2"]
[SourceVersionDate "2009.07.15"]
[SourceQuality "1"]

1. e4 e5 2. Nc3 Nf6 3. f4 exf4 4. e5 Qe7 5. Qe2 Ng8 6. d4 Nc6 7. Nf3 d6 8. Bxf4 dxe5 9. Bxe5 Nxe5 10. Qxe5 Qxe5+ 11. Nxe5 Bd6 12. Bb5+ c6 13. Nxc6 bxc6 14. Bxc6+ Ke7 15. Bxa8 Nf6 16. Nd5+ Nxd5 17. Bxd5 Re8 18. 0-0 f6 19. Rae1+ Kd7 20. Bc6+ Kxc6 21. Rxe8 Bd7 22. Rh8 h6 23. Rg8 g5 24. Rg6 Be6 25. Rfxf6 Bxa2 26. Rxd6+ Kb5 27. b3 Bb1 28. Rc6 a5 29. d5 a4 30. bxa4+ Kxa4 31. d6 Ba2 32. d7 Bf7 33. d8Q Bxg6 34. Rb6 Be4 35. Qd4+ Ka5 36. Qb4# 1-0

[Event "GER-ch Net qual1 U18"]
[Site "Playchess.com INT"]
[Date "2009.05.10"]
[Round "2"]
[White "Weller, Manuel"]
[Black "Laemmel, Sebastian"]
[Result "1-0"]
[WhiteElo "2144"]
[BlackElo "1681"]
[PlyCount "81"]
[EventDate "2009.05.10"]
[EventType "swiss (blitz)"]
[EventRounds "7"]
[EventCountry "GER"]
[SourceTitle "CBM 130 Extra"]
[Source "ChessBase"]
[SourceDate "2009.07.02"]
[SourceVersion "2"]
[SourceVersionDate "2009.07.15"]
[SourceQuality "1"]

1. e4 e6 2. Nf3 d5 3. Nc3 Bb4 4. e5 c5 5. a3 Bxc3 6. bxc3 Nc6 7. d4 Nge7 8. Bd3 c4 9. Be2 Bd7 10. 0-0 Qc7 11. a4 Qa5 12. Qd2 b5 13. Ba3 bxa4 14. Rfb1 Qa6 15. Bd6 0-0 16. Qg5 Rfe8 17. Nh4 Nf5 18. Nxf5 exf5 19. Bf3 Be6 20. h4 h6 21. Qc1 Ne7 22. Rb4 Nc8 23. Rbxa4 Qc6 24. Bc5 Nb6 25. Ra6 Bc8 26. Rxa7 Bb7 27. Rxa8 Rxa8 28. Rxa8+ Bxa8 29. Qb2 Nd7 30. Bd6 Bb7 31. Qb4 Ba6 32. Qa5 Bb5 33. Qd8+ Kh7 34. Qe7 Qa6 35. Ba3 Qa4 36. Bxd5 Qxc2 37. e6 Qd1+ 38. Kh2 fxe6 39. Bxe6 Nb6 40. Bxf5+ Kg8 41. Qf8# 1-0